000 00596nam a22002297a 4500
003 OSt
005 20140310182934.0
008 130201t xxu||||| |||| 00| 0 eng d
020 _a9789712359910
050 _aNX440
_b.Sa211 2011
082 _aFIL 700.1
_2Z8 2011
245 _aIntroduction to the humanities
_cSanchez, Custodiosa
250 _a5th ed.
260 _aManila
_bNational Book Store
_cc2003
300 _a191 p. : ill.
_c25 cm.
521 _acollege students
526 _c1210L-1700L
541 _j1
541 _j2
562 _e2
942 _2lcc
_cBK
_kFIL
999 _c17576
_d17576